000 00700cam a22002413a 4500
001 3135
003 PGUSA
005 20140828083026.0
008 041010s2004||||xxu|||||s|||||000 | eng d
040 _aPGUSA
_beng
042 _adc
050 4 _aPS
100 1 _aWarner, Charles Dudley,
_d1829-1900
245 1 0 _aMy Summer in a Garden
_h[electronic resource] /
_cCharles Dudley Warner
260 _bProject Gutenberg,
_c2004
505 0 _aMy summer in a garden -- Calvin : a study of character
506 _aPublic domain in the USA.
516 _aElectronic text
653 _aGardening
830 0 _aProject Gutenberg
_v3135
856 4 0 _uhttp://www.gutenberg.org/ebooks/3135
942 _cEB
999 _c232464
_d232464